Ultimate One Piece Name Quiz - Statistics

General Stats
  • This quiz has been taken 164 times
    79 since last reset
  • The average score is 69 of 133
Answer Stats
Last First % Correct
Monkey D. Luffy
100%
Roronoa Zoro
98%
Tony Tony Chopper
96%
Nico Robin
96%
Gol D. Roger
96%
Vinsmoke Sanji
96%
Donquixote Doflamingo
95%
Monkey D. Dragon
95%
Portgas D. Ace
93%
Boa Hancock
93%
Trafalgar D. Water Law
93%
Marshall D. Teach
93%
Jewelry Bonney
91%
Monkey D. Garp
91%
Basil Hawkins
91%
Charlotte Katakuri
91%
Eustass Kid
91%
Gecko Moria
91%
Charlotte Linlin
89%
Dracule Mihawk
89%
Bartholomew Kuma
88%
Kozuki Oden
88%
Fisher Tiger
88%
Nefertari (D.) Vivi
86%
Benn Beckman
84%
Capone Bege
84%
Emporio Ivankov
84%
Edward Newgate
84%
Rocks D. Xebec
84%
Cutty Flam
82%
Charlotte Pudding
80%
Scratchmen Apoo
79%
Kozuki Momonosuke
79%
Vinsmoke Judge
77%
Vinsmoke Reiju
77%
Donquixote Rocinante
77%
Portgas D. Rouge
77%
Jaguar D. Saul
77%
Nefertari (D.) Cobra
75%
Nico Olvia
75%
Charlotte Cracker
71%
Catarina Devon
71%
Silvers Rayleigh
71%
Vinsmoke Niji
70%
Mont Blanc Noland
70%
Charlotte Oven
70%
Lucky Roux
70%
Sanjuan Wolf
70%
Jesus Burgess
68%
Daz Bonez
66%
Vander Decken IX
66%
Nefertari (D.) Lili
66%
Vinsmoke Yonji
66%
Kozuki Hiyori
64%
Vinsmoke Ichiji
64%
Rob Lucci
64%
Vasco Shot
64%
Charlotte Perospero
63%
Jaygarcia Saturn
61%
Belo Betty
59%
Nerona Imu
59%
Kurozumi Orochi
59%
Edward Weevil
59%
Boa Sandersonia
57%
Charlotte Smoothie
57%
Mont Blanc Cricket
55%
Figarland Garling
55%
Kurozumi Kanjuro
55%
Vinsmoke Sora
55%
Charlotte Brûlée
54%
Clown Caesar
54%
Avalo Pizarro
54%
Van Augur
52%
Jones Hody
52%
Buckingham Stussy
52%
Kozuki Toki
52%
Figarland Shamrock
50%
Boa Marigold
48%
Clou D. Clover
46%
Demalo Black
45%
Charlotte Daifuku
45%
Gan Fall
41%
Charlotte Lola
39%
Curly Dadan
38%
Marcus Mars
38%
Topman Warcury
38%
Doji Ashura
36%
Charlotte Chiffon
36%
Jean Bart
34%
Charlotte Mont-d'Or
34%
Capone Pez
32%
Charlotte Snack
32%
Ethanbaron V. Nusjuro
32%
Shepherd Ju Peter
29%
Donquixote Mjosgard
27%
Riku Doldo
25%
Charlotte Flampe
25%
Funk Kelly
25%
Funk Bobby
23%
Diez Drake
23%
Charlotte Opera
23%
Kozuki Sukiyaki
23%
Charlotte Amande
21%
Victoria Cindry
21%
Donquixote Homing
21%
Shepherd Sommers
18%
Diez Barrels
16%
Charlotte Galette
16%
Lepanto Tank
16%
Charlotte Compote
13%
Kurozumi Higurashi
13%
Charlotte Moscato
13%
Charlotte Praline
13%
Kurozumi Semimaru
13%
Rimoshifu Killingham
11%
Charlotte Raisin
11%
Shimotsuki Yasuie
11%
Charlotte Anana
9%
Charlotte Basskarte
9%
Charlotte Cinnamon
9%
Charlotte Citron
9%
Charlotte Dosmarche
9%
Charlotte Mascarpone
9%
Shimotsuki Ushimaru
9%
Charlotte Brownie
7%
Charlotte Custard
7%
Charlotte Nusstorte
7%
Charlotte Joconde
5%
Charlotte Anglais
4%
Charlotte Bavarois
4%
Charlotte Yuen
4%
Charlotte Dolce
2%
Charlotte Dragée
2%
No matching quizzes found
Score Distribution
Percent of People with Each Score
Percentile by Number Answered
Your Score History
You have not taken this quiz since the last reset